| 000 | 00733nam a2200229 4500 | ||
|---|---|---|---|
| 005 | 20260312140530.0 | ||
| 008 | 260312b |||||||| |||| 00| 0 eng d | ||
| 020 | _a978-93-5696-855-4 | ||
| 041 | _aEnglish | ||
| 082 |
_29th ed. _aOG 618.1 KON |
||
| 100 |
_aKonar, Hiralal _9217121 |
||
| 245 | _aDC Dutta's Textbook of Gynecology | ||
| 250 | _a9th ed. /RP2025 | ||
| 260 |
_aNew Delhi _bJaypee Brothers _c2024 |
||
| 300 |
_axxviii,660p. _bPb _c26.5x21cm |
||
| 365 |
_aRupaye _b1350 _cINR |
||
| 500 | _aMidwifery | ||
| 521 | _aDC Dutta's Textbook of Gynecology Videos, Animations, Case presentations MCQ and high yield topics for NEET/NEXT | ||
| 650 |
_aGynecology _9217122 |
||
| 651 |
_aGynecology _9217123 |
||
| 942 | _cBB | ||
| 999 |
_c370719 _d370719 |
||